Online
Catalog

Hablando con ellos; : (Record no. 18430)

MARC details
000 -CABECERA
campo de control de longitud fija 01032cam a22002651 4500
001 - NÚMERO DE CONTROL
campo de control 000018912
005 - FECHA Y HORA DE LA ÚLTIMA TRANSACCIÓN
campo de control 20200929165900.0
008 - DATOS DE LONGITUD FIJA--INFORMACIÓN GENERAL
campo de control de longitud fija 760927s1967 sp a 000 0dspa
010 ## - NÚMERO DE CONTROL DE LA BIBLIOTECA DEL CONGRESO
Número de control de LC 68109023
035 ## - NÚMERO DE CONTROL DEL SISTEMA
Número de control de sistema (OCoLC)2465682
040 ## - FUENTE DE LA CATALOGACIÓN
Centro catalogador/agencia de origen DO-SdBNP
Centro/agencia transcriptor TxHU
Centro/agencia modificador OCoLC
-- DLC
042 ## - CÓDIGO DE AUTENTICACIÓN
Código de autenticación premarc
050 00 - SIGNATURA TOPOGRÁFICA DE LA BIBLIOTECA DEL CONGRESO
Número de clasificación F1960
Número de documento/Ítem .D5 1967
082 ## - NÚMERO DE LA CLASIFICACIÓN DECIMAL DEWEY
Número de clasificación 917.295/03
100 2# - ENTRADA PRINCIPAL--NOMBRE DE PERSONA
Nombre de persona Diaz Montero, Anibal.
9 (RLIN) 9833
245 10 - MENCIÓN DE TÍTULO
Título Hablando con ellos; :
Resto del título [entrevistas.
250 ## - MENCIÓN DE EDICIÓN
Mención de edición 3. ed.]
260 ## - PUBLICACIÓN, DISTRIBUCIÓN, ETC.
Lugar de publicación, distribución, etc. Barcelona, :
Nombre del editor, distribuidor, etc. Ediciones Rumbos,
Fecha de publicación, distribución, etc. 1967.
300 ## - DESCRIPCIÓN FÍSICA
Extensión 107 p. :
Otras características físicas illus. ;
Dimensiones 22 cm.
505 0# - NOTA DE CONTENIDO CON FORMATO
Nota de contenido con formato El ultimo carrero de San Juan.--El ultimo coquero de Santurce.--La Nueva Esperanza.--El unico herrero que le queda a Santurce.--"Colorado" el boyero.--Un viejo cuidacarros.--El picapedrero de Vega Alta.--"Ponce," cuadrero del ayer.--Don Tele el pescador.
650 #0 - PUNTO DE ACCESO ADICIONAL DE MATERIA--TÉRMINO DE MATERIA
Término de materia o nombre geográfico como elemento de entrada Occupations
Subdivisión geográfica Puerto Rico.
9 (RLIN) 40706
651 #0 - PUNTO DE ACCESO ADICIONAL DE MATERIA--NOMBRE GEOGRÁFICO
Nombre geográfico Puerto Rico
Subdivisión general Social Life And Customs.
9 (RLIN) 40707
651 #0 - PUNTO DE ACCESO ADICIONAL DE MATERIA--NOMBRE GEOGRÁFICO
Nombre geográfico Puerto Rico
Subdivisión de forma Biography.
9 (RLIN) 40708
910 ## - DATOS DE OPCIÓN DEL USUARIO (OCLC)
Datos de opción del usuario Catalogación derivada / LC
Holdings
Estado de retiro Estado de pérdida Restricciones de uso No para préstamo Código de colección Localización permanente Ubicación/localización actual Ubicación en estantería Fecha de adquisición Número de inventario Total de préstamos Signatura topográfica completa Código de barras Fecha visto por última vez Precio válido a partir de Tipo de ítem Koha
      Excluido de préstamo Monografías: Libros y Folletos General General En catalogación 20.05.2010 LF1   917.295/03 18912-10 25.06.2020 25.06.2020 No se presta

Powered by Koha